| 000 | 00716nam a2200193 i 4500 | ||
|---|---|---|---|
| 001 | 145133 | ||
| 003 | ES-MaACL | ||
| 005 | 20230906201153.0 | ||
| 007 | t| | ||
| 008 | 070214s1914 fr r ||||1| fre d | ||
| 100 | 1 |
_aSonnet, Hyppolyte. _9132817 |
|
| 245 | 1 | 0 |
_aÉléments de Géométrie Analytique _b: rédigés conformément au programme d'admission áa l' École Polytechnique et áa l' École Normale Supérieure / _cpar H. Sonnet et G. Frontera. |
| 250 | _a13ème éd. | ||
| 260 |
_aParis : _bHachette et Cie., _c1914 ( _eCoulommiers : _fPaul Brodard) |
||
| 300 |
_aII, 3-754 p. : _bil. ; _c22 cm. |
||
| 650 | 4 |
_aGeometría analítica. _913100 |
|
| 700 | 1 |
_aFrontera, G. _952740 |
|
| 852 |
_aES-MaACL _jF-5286 |
||
| 999 |
_c145133 _d145133 |
||